000 00351pab a2200157 454500
008 180718b2008 xxu||||| |||| 00| 0 eng d
100 _aJhunjhunwala, Bharat
245 _aReduce tax burden on common man
260 _c2008
300 _ap.3-4.
362 _a23 Feb
650 _aTaxation
773 _aMainstream
908 _aN
909 _a77385
999 _c77385
_d77385